Gran enciclopedia del arte multimedia [ (Record no. 86260)
[ view plain ]
| 000 -LEADER | |
|---|---|
| campo de control de longitud fija | 00837nam a2200193 i 4500 |
| 001 - NÚMERO DE CONTROL | |
| campo de control | 86260 |
| 003 - IDENTIFICADOR DE NÚMERO DE CONTROL | |
| campo de control | ES-MaACL |
| 005 - FECHA Y HORA DE LA ÚLTIMA TRANSACCIÓN | |
| campo de control | 20230906175417.0 |
| 007 - CAMPO FIJO DE DESCRIPCIÓN FÍSICA--INFORMACIÓN GENERAL | |
| campo de control de longitud fija | t| |
| 008 - DATOS DE LONGITUD FIJA--INFORMACIÓN GENERAL | |
| campo de control de longitud fija | 041221s1998 sp ||||1| spa d |
| 080 ## - NÚMERO DE LA CLASIFICACIÓN DECIMAL UNIVERSAL | |
| Número de la Clasificación Decimal Universal | 7(086) |
| 245 00 - MENCIÓN DEL TÍTULO | |
| Título | Gran enciclopedia del arte multimedia [ |
| Medio | Recurso electrónico]. |
| 260 ## - PUBLICACIÓN, DISTRIBUCIÓN, ETC. | |
| Lugar de publicación, distribución, etc. | [Barcelona] : |
| Nombre del editor, distribuidor, etc. | Salvat multimedia, |
| Fecha de publicación, distribución, etc. | [1998?] |
| 300 ## - DESCRIPCIÓN FÍSICA | |
| Extensión | 8 discos compacto (CD-ROM) ; |
| Dimensiones | 12 cm. |
| 500 ## - NOTA GENERAL | |
| Nota general | Características del sistema: PC 486 o superior, 8Mb de RAM; monitor VGA; 256 colores; s.o. Windows 3.1 o 95; lector CD-Rom x4; tarjeta de sonido 16 bits. |
| 505 8# - NOTA DE CONTENIDO CON FORMATO | |
| Nota de contenido con formato | Contiene: Egipto .-- Grecia .-- Romano. Islámico .-- Románico. Gótico .-- Renacimiento .-- Barroco .-- Romanticismo .-- Realismo. Impresionismo |
| 650 #4 - PUNTO DE ACCESO ADICIONAL DE MATERIA--TÉRMINO DE MATERIA | |
| Término de materia o nombre geográfico como elemento de entrada | Arte- |
| Subdivisión de forma | Enciclopedias- |
| -- | CD-ROM. |
| 9 (RLIN) | 10096 |
| 852 ## - LOCALIZACIÓN | |
| Ubicación | ES-MaACL |
| Número de control de estantería | ROT 1/2/12-19 |
| Estatus retirado | Estado de pérdida | Estado de daño | No para préstamo | Colección | Biblioteca de origen | Biblioteca actual | Ubicación en estantería | Fecha de adquisición | Fuente de adquisición | Total de préstamos | Signatura topográfica completa | Código de barras | Visto por última vez | Precio de reemplazo | Tipo de ítem Koha |
|---|---|---|---|---|---|---|---|---|---|---|---|---|---|---|---|
| Colección de referencia | Biblioteca del Ateneo de Madrid | Biblioteca del Ateneo de Madrid | Depósito | 17/01/2008 | ROT 1/2/12-19 | 1090129 | 23/02/2023 | 23/02/2023 | Archivo de ordenador en CD-ROM, CD o disquete |
